LEADER 01716nam a2200361 a 4500 001 000000166732 003 CaOOAMICUS 005 20180315112400.0 008 180315s2017 it ah u001 u ita r 020 $a978-88-452-9454-9* 032 $aLibriCat 040 $aPUL$bita 041 1 $aita$afre$hfre 082 04$a190 100 1 $aMontesquieu, Charles de Secondat,$cbaron de,$d1689-1755.$0(OLS)http://pul/name/2856 245 10$aScritti postumi (1757-2006) :$bi miei pensieri, i miei viaggi, saggi, romanzi filosofici, memorie e discorsi accademici, poesie /$cMontesquieu ; a cura di Domenico Felice. 260 $aFirenze :$bGiunti,$cİ2017$aMilano :$bBompiani 300 $aLXXXI, 2668 p. :$bill., facsim. ;$c22 cm. 490 1 $aBompiani Il pensiero occidentale 504 $aIndici e bibliografia. 546 $aIntroduzione in italiano, testo francese a fronte. 700 1 $aFelice, Domenico.$0(OLS)http://pul/name/64341 830 0$aBompiani Il pensiero occidentale.$0(OLS)http://pul/title/99836 850 $aPUL 852 $aPUL$W1$xSL Filosofia 3$y81$m190 COLL 2.225$j191201$qDDC 21$B194178$CPULBib$Z2$F194178 $H130674 $81 941 1 $a9 983 3$aIl pensiero occidentale (Bompiani) 996 $6020$a978-88-452-9454-9*$9(OLS)http://pul/number/163706 996 $6082$a190$9(OLS)http://pul/classification/123 996 $6245$aScritti postumi (1757-2006) :$bi miei pensieri, i miei viaggi, saggi, romanzi filosofici, memorie e discorsi accademici, poesie$9(OLS)http://pul/title/206484 996 $6260$aFirenze :$bGiunti$9(OLS)http://pul/publisher/64498 996 $6260$aMilano :$bBompiani$9(OLS)http://pul/publisher/48240 LEADER 01104nam a2200253 a 4500 001 000000168129 003 CaOOAMICUS 005 20180611134936.0 008 180611s1976 it 000 u ita r 032 $aLibriCat 040 $aPul$bita 245 00$aTradizioni popolari e ricerca etnomusicale :$bil convegno del Centro Flog /$cCesare Bermani...[et al.] ; a cura di Omar Calabrese, Eliana Pilazi . 260 $aFirenze :$bGuaraldi,$cİ1976. 300 $a121 p. ; $c21 cm. 650 4$aAntropologia.$0(OLS)http://pul/subject/1028 700 1 $aCalabrese, Omar.$0(OLS)http://pul/name/78021 700 1 $aPilazi, Eliana.$0(OLS)http://pul/name/108278 700 1 $aBermani, Cesare.$0(OLS)http://pul/name/108277 850 $aPUL 852 $aPUL$W1$xDP1 Fondo Dalla Palma$y117$m4 B 43$j163256$qFondi$B195951$CPULBib$Z2$F195951 $HDal1611 $81 941 1 $a1 996 $6245$aTradizioni popolari e ricerca etnomusicale :$bil convegno del Centro Flog$9(OLS)http://pul/title/208336 996 $6260$aFirenze :$bGuaraldi$9(OLS)http://pul/publisher/65224